banner koha

Recorde de embarques em 2003 (Registro n. 328106)

MARC details
000 -LÍDER
fixed length control field 00848nab a2200253 4500
003 - CÓDIGO MARC DA AGÊNCIA CATALOGADORA
Campo de controle BR-BrBNA
005 - DATA E HORA DA ÚLTIMA ATUALIZAÇÃO
Campo de controle 20241014215818.0
008 - CAMPO DE TAMANHO FIXO
fixed length control field 241014b bl.||||| |||| 00| 0 por d
040 ## - FONTE DA CATALOGAÇÃO
Agência catalogadora BR-BrBNA
Idioma da catalogação por
072 ## - CATEGORIA AGRIS
Código AGRIS E71 ; E70 ; H10
Código do objeto 0810
100 ## - ENTRADA PRINCIPAL - NOME PESSOAL
Nome pessoal Vicentini, Cinthia Antoniali
245 ## - TÍTULO PRINCIPAL
Título principal Recorde de embarques em 2003
Subtítulo Melão
500 ## - NOTA GERAL
Nota geral 1 illus.; 1 graph
942 ## - ADDED ENTRY ELEMENTS (KOHA)
Koha item type Analítica
650 ## - ASSUNTO - THESAGRO
Cabeçalho tópico ou nome geográfico MELÃO
650 ## - ASSUNTO - THESAGRO
Cabeçalho tópico ou nome geográfico EXPORTAÇÃO
650 ## - ASSUNTO - THESAGRO
Cabeçalho tópico ou nome geográfico MERCADO INTERNO
650 ## - ASSUNTO - THESAGRO
Cabeçalho tópico ou nome geográfico MOSCA MINADORA
650 ## - ASSUNTO - THESAGRO
Cabeçalho tópico ou nome geográfico PRAGA DE PLANTA
650 ## - ASSUNTO - THESAGRO
Cabeçalho tópico ou nome geográfico OFERTA DE PRODUTO REDUZIDA
650 ## - ASSUNTO - THESAGRO
Cabeçalho tópico ou nome geográfico COMERCIALIZAÇÃO
773 0# - ENTRADA ANALÍTICA
Host Biblionumber 4115
Registro do item 344980
Imprenta Piracicaba-SP Centro de Estudos Avançados em Economia Aplicada-CEPEA/USP/ESALQ 2002
Outro identificador 2024-5392
Título Hortifruti Brasil (Brazil)
ISSN 1981-1837
Colação v. 2(19) p. 15; (Nov 2003)
Número de controle de registro BR2024003045

Nenhum exemplar disponível.

BINAGRI

Telefone: (61)3218-2567/2388/3357/2097 - binagri@agro.gov.br

Ministério da Agricultura e Pecuária , Esplanada dos Ministérios, Bloco D, Anexo B, Brasília/DF, CEP: 70.043-900